"Der Dümmste Fliegt" Teil 1 - Alle Fragen - Statistiken

Allgemein
  • Dieses Quiz wurde 192 mal gespielt
    155 seit der letzten Aktualisierung
  • Das Durchschnittsergebnis liegt bei 55 aus 107
Antwortstatistiken
Hint Antwort % Korrekt
Wie viele Beine hat eine Spinne? [Zahl ausschreiben] Acht
98%
Was ist 7 * 6? 42
92%
Nenne [einen] Kontinent. Afrika / Antarktis / Asien / Australien / Europa / Nordamerika / Südamerika
88%
Wie viele Kontinente gibt es? [Zahl ausschreiben] Sieben
88%
Welches Organ pumpt Blut durch den Körper? Herz
86%
Was ist die Quadratwurzel von 64? [Zahl ausschreiben] Acht
85%
Wie viele Sekunden sind 5 Minuten? 300
84%
Welches Element hat das chemische Symbol "AL"? Aluminium
84%
In welchem Jahr begann der zweite Weltkrieg? 1939
83%
Wie wird [das Gegenteil von "Öffnen"] geschrieben? Schließen
82%
Mit welchem Tier muss man immer Gassi gehen? Hund
80%
Wieviele Tage hat ein Jahr? 365
79%
7 * 5 + 3? 38
78%
Wie viele Planeten hat unser Sonnensystem? [Zahl ausschreiben] Acht
78%
Welches Tier kann sich in seinen Panzer komplett zurückziehen? Schildkröte
74%
[RoF] - Welches der folgenden Produkte muss nicht gekühlt werden? Milch, Käse, Eier, Joghurt, Quark. Eier
71%
Welches Tier ist das größte Landsäugetier? Elefant
71%
Welche zwei Farben sind im Logo des Supermarktes Edeka? Gelb, Blau
71%
Nenne ein Land mit dem Anfangsbuchstaben "Ä". Ägypten / Äquatorialguinea / Äthiopien
70%
Wie heißt Indiens Hauptstadt? Neu-Delhi
70%
Der Firmensitz des Automobilherstellers Toyota ist in welchem Land? Japan
68%
Wie viele Zähne hat ein erwachsener Mensch normalerweise? 32
66%
Welcher Kontinent hat die meisten Länder? Afrika
65%
Wer schrieb Pipi Langstrumpf? Astrid Lindgren
65%
Welche Stadt hat das Kennzeichen "H"? Hannover
65%
Hört ein Chemiker die Buchstaben "Fe", denkt er an welches Metall? Eisen
64%
Welches europäische Land ist bekannt für seine Tulpen? Niederlande
63%
Welches Element hat das chemische Symbol "O"? Sauerstoff
63%
Welcher Vogel legt die größten Eier? Strauß
63%
Welche Farbe entsteht durch die Mischung von Blau und Gelb? Grün
62%
Welcher Planet ist der sonnennächste? Merkur
62%
Welche Stadt ist als die Stadt der Liebe bekannt? Paris
62%
Wo fand die EM 2024 statt? Deutschland
61%
In welcher größeren Stadt befinden sich die Pyramiden von Gizeh? Kairo
60%
Aus welchem Gemüse bestehen Gnocchi? Kartoffeln
60%
Was ist die offizielle Währung von Japan? Yen
60%
Welche Farbe hat das deutsche Auswärtstrikot 2024? Pink / Lila
59%
Der Hex Code #000000 steht für welche Farbe? Schwarz
59%
Welcher Fluss fließt durch Paris? Seine
59%
Welches Land isst traditionell am meisten Popcorn? Vereinigte Staaten
59%
Was muss man tun, um Eiswürfel herzustellen? Wasser gefrieren
59%
Welche Farbe haben Bananen, wenn sie reif sind? Gelb
58%
Welcher Vogel kann rückwärts fliegen? Kolibri
58%
Wie heißt das Baby von einem Schaf? Lamm
58%
Was ist die Einheit des elektrischen Widerstands? Ohm
58%
Wie viele Seiten hat ein Würfel? [Zahl ausschreiben] Sechs
57%
Wie viele Nullen hat 1 Billion? [Zahl ausschreiben] Zwölf
56%
Welches Land hat als einziges eine quadratische Flagge? Schweiz
55%
Was ist die Hauptstadt von Kanada? Ottawa
54%
Wie nennt man die Flüssigkeit, die aus Wolken fällt? Regen
54%
Den teuersten Speisepilz nennt man? Trüffel
54%
Welcher Kontinent hat keinen aktiven Vulkan? Australien
53%
Wofür steht das "E" am Ende eines Kennzeichens? Elektroauto
53%
Was ist das Gegenteil von "etwas antworten"? Etwas fragen
53%
Was ist die Hauptstadt von Peru? Lima
53%
Welcher Baum produziert Eicheln? Eiche
52%
Wie heißt der Frosch in der Sesamstraße? Kermit
52%
Wie heißt die Hauptstadt von Italien? Rom
52%
[RoF] - Die Sonne ist welche Art von Himmelskörper? Stern
52%
Von wem ist der Song "What do you mean?" Justin Bieber
50%
Welche Farbe entsteht durch die Mischung von Rot und Blau? Lila
50%
Wie nennt man ein großes Buch, das eine Sammlung an (Welt-)Karten ist? Atlas
49%
[RoF] - Was ist die am häufigsten gesprochene Sprache der Welt? Englisch
49%
Was heißt das lateinische Wort "Salve"? Hallo
49%
Welches Tier gilt als Symbol für Weihnachten und zieht den Schlitten des Weihnachtsmanns? Rentier
49%
Vervollständige: Ernie und ...? Bert
48%
Welche Farben hat ein Panda? Schwarz, Weiß
48%
Welches Getränk wurde ursprünglich als Medizin gedacht und wurde 1886 erfunden? Coca Cola
47%
Welches Tier kann seinen eigenen Hintern leuchten lassen? Glühwürmchen
47%
Welches Metall ist flüssig bei Raumtemperatur? Quecksilber
46%
Welche Stadt hat den größten U-Bahnhof der Welt? New York City
45%
Nenne die drei häufigsten Autofarben in Deutschland. Schwarz, Grau, Weiß
43%
Insekten haben grundsätzlich immer wie viele Beine? [Zahl ausschreiben] Sechs
42%
Welches Tier ist dafür bekannt, dass es sich nur von Bambus ernährt? Panda
41%
Wie nennt man die Linie, die den Himmel und die Erde zu trennen scheint? Horizont
40%
Wie nennt man das chemische Element mit dem Symbol "Cu"? Kupfer
40%
In welchem Brettspiel geht es um Straßen kaufen und Hotels bauen? Monopoly
39%
Wann endete der Kalte Krieg? 1991
38%
Was ist die größte Wüste der Welt? Antarktis
38%
Welche Farbe hat eine Flugzeug Black Box? Orange
38%
Wie nennt man das Ergebnis einer Multiplikation? Produkt
38%
Welches Tier ist das größte lebende Reptil? Salzwasserkrokodil / Leistenkrokodil
38%
Welches Tier versteckt sich in einer Anemone? Clownfisch
37%
Welche Firma benutzt den Slogan "Nichts ist unmöglich"? Toyota
36%
Nenne [einen] Teilnehmer der [2024] Staffel von "7 vs. Wild". Flying Uwe / Lets Hugo / Selfiesandra / JuliaBeautx / Joey Kelly / Joe Vogel / Stefan Hinkelmann
35%
Wie nennt man den natürlichen Satelliten, der die Erde umkreist? Mond
35%
Wie heißt das [2024] neue Getränk des YouTubers "HandOfBlood"? Knabe Malz
34%
Wie heißt der längste Tag des Jahres? Sommersonnenwende
34%
Wann begann die französische Revolution? 1789
33%
Wie heißt der Teufel in Goethe's Faust? Mephisto
33%
Wie nennt man das Instrument, mit dem Astronomen den Himmel beobachten? Teleskop
33%
Welches Datum wird in den USA als "Independence Day" gefeiert? 04.07. / Fourth of July
31%
Wie nennt man das Instrument, das verwendet wird, um den Luftdruck zu messen? Barometer
29%
Welches Land hat die meisten Inseln? Schweden
29%
Wie viele Zeitzonen gibt es auf der Welt? 24
28%
Welches Tier ist das nationale Symbol von Schottland? Einhorn
27%
Welches Instrument wird oft als König der Instrumente bezeichnet? Orgel
27%
Wofür steht die Abkürzung "DJ"? Disk Jockey
25%
Welches Tier ist das einzige Tier, das in der Lage ist, sein Schwanz abzuwerfen, um Feinde abzulenken? Eidechse
25%
Welches Tier hat die längste Zunge im Verhältnis zu seiner Körpergröße? Ameisenbär
24%
Was ist [einer der] Hauptbestandteile der DNA? Adenin / Cytosin / Guanin / Thymin
21%
Was sind Enzyme? Proteine / biochemischer Katalysator
20%
Für was steht NATO? North Atlantic Treaty Organization
17%
Wie nennt man eine Gruppe von Fröschen? Armee
5%
Nenne die erste binomische Formel. (a + b)² = a² + 2ab + b²
4%
Wie nennt man den Prozess, bei dem Pflanzen Wasser verdunsten lassen? Transpiration
3%
Welches Gemüse wird oft als "Gurken in Anzügen" bezeichnet? Spargel
0%
Keine übereinstimmenden Quizze gefunden
Verteilung der Resultate
Anzahl Personen mit jedem Resultat
Perzentil nach korrekt beantworteten Fragen
Ihre Resultats-Entwicklung
Sie haben dieses Quiz seit der letzten Aktualisierung nicht gespielt